PISTES DE SKI DE VARS - Statistiques

Statistiques générales
  • Ce quiz a été pris 16 fois
  • Le résultat moyen est 24 sur 53
Statistiques - réponses
Difficulté Nom de la piste % Correct
Rouge Olympique Inférieure
90%
Rouge Olympique Supérieure
90%
Noire Coni
80%
Bleue Grand Vallon
80%
Bleue Vallon
80%
Bleue Heureux
70%
Bleue Jas du Boeuf
70%
Noire Ecureuils
60%
Bleue Escondus
60%
Noire Evasion
60%
Noire Grand Ubac
60%
Rouge Lièvre
60%
Bleue Mélèzes
60%
Noire Mur du Vallon
60%
Bleue Peynier
60%
Bleue (Liaison) Route à Carlos
60%
Rouge Zakopane
60%
Rouge Alpet
50%
Rouge Barres
50%
Rouge Corniche Inférieure
50%
Bleue Corniche Supérieure
50%
Rouge Crêtes
50%
Bleue Petit Ubac
50%
Bleue Plans
50%
Verte Serre Banet
50%
Rouge Sibières
50%
Verte Adroit
40%
Rouge Cabrettes
40%
Bleue Cabris
40%
Bleue Clapier
40%
Bleue Combe
40%
Bleue Edelweiss
40%
Bleue Faisandière
40%
Bleue Mourée
40%
Bleue Sagnes
40%
Bleue (Liaison) Saluces
40%
Bleue Serre Meyrand
40%
Rouge Tétras
40%
Rouge Berardie
30%
Rouge Blanchons
30%
Rouge Chastardon
30%
Bleue Chemin des Cassettes
30%
Verte Chemin des Italiens
30%
Rouge Patégou
30%
Bleue Sagnettes
30%
Bleue Cembros
20%
Verte Chemin des écureuils
20%
Verte Eskimos
20%
Bleue Eterlou
20%
Verte Gentianes
20%
Bleue Boussiet
0%
Bleue Hermines
0%
Verte La Grande Verte
0%
Aucun quiz correspondant
Distribution des résultats
% des personnes avec chaque résultat
Percentile par nombre de réponses
Votre historique - résultats
Vous n’avez pas pris ce quiz